Statistics for Indonesian Foods

Click here to take the quiz!

General Stats

  • This quiz has been taken 64 times
  • The average score is 13 of 30

Answer Stats

DescriptionAnswer% Correct
Indonesian version of fried rice that is usually topped with a fried egg{Nasi} goreng
96%
Stir-fried yellow noodle dish that translates to 'fried noodles'{Mi} goreng
95%
Popular brand of instant noodles produced by the company IndofoodIndomie
93%
Barbecued, skewered meat (normally chicken) served with peanut sauceSate
85%
Famous dry, rich stew of beef chunks slow cooked and braised in coconut milk with herbs and spicesBeef {rendang}
78%
Chilli sauce seasoned with shrimp paste, garlic, ginger and lime juiceSambal
67%
Beef meatballs that can be served in a noodle soupBakso
60%
Salad of vegetables, hard-boiled eggs, potatoes, tofu and rice cakes that is served with a peanut dressingGado-gado
60%
Branded, sweetened jasmine tea that translates from Indonesian to 'bottled tea'Teh botol
56%
South East Asian adaptation of the Indian roti flatbreadRoti {cane}
55%
Deep-fried, typically white crispy snacks often provided as a complementary side with Chinese takeawayPrawn crackers
53%
Name for traditional soups typically comprising meat, broth and vegetablesSoto
49%
Indonesian and Filipino version of spring rollsLumpia
44%
Fermented, whole soybean cakes that can be friedTempeh
42%
Term for a rich stew inspired by Indian cuisine; they are commonly described as Indonesian curriesGulai
38%
Pink drink of condensed or evaporated milk flavoured with rose syrup; it shares its name with the capital of the West Java provinceBandung
36%
General Indonesian term for a blend of spicesBumbu
36%
Sweet, layered rice flour and coconut milk snack that is rectangular in shapeKue {talam}
36%
Javanese rice cake packed inside a diamond-shaped leaf containerKetupat
35%
Green cake common in South East Asia that is flavoured with the juice of the leaves of this plantKue {pandan}
31%
Se'i is a Timorese smoked meat dish. Name the most common type of meat used in this dish (Hint: it is not commonly eaten in Indonesia due to the dietary laws of its dominant religion)Pork
27%
Conical rice dish surrounded by meat and vegetable side dishesTumpeng
27%
Root closely related to ginger that is commonly used to flavour Indonesian dishesGalangal
25%
'Kopi luwak' is a beverage made from ______ cherries that have been eaten and defecated by the Asian palm civetCoffee
20%
Seasoned, ground fish wrapped in leaf parcelsOtak-otak
18%
'Kue rangi' is a waffle flavoured with this hollow fruitCoconut
16%
Spicy thick noodle broth dish introduced by Chinese immigrants that is enjoyed across the Malay archipelagoLaksa
16%
Close relative of the pig that is a staple of Papuan cuisine in Eastern IndonesiaBoar
13%
Malay fermented durian condimentTempoyak
11%
Padang sour and spicy fish stewAsam pedas
7%

Score Distribution

Percentile by Number Answered

Percent of People with Each Score

Your Score History

You have not taken this quiz